Capitali di Stati Non Indipendenti - Statistics

Statistiche generali
  • Questo quiz è stato fatto 44 volte
  • Il punteggio medio è 14 su 40
Statistiche sulle risposte
Paese Capitale % Corretto
Groenlandia Nuuk
88%
Hong Kong Hong Kong
71%
Macao Macao
53%
Aruba Oranjestad
53%
Isola di Man Douglas
47%
Puerto Rico San Juan
47%
Fær Øer Tórshavn
47%
Curaçao Willemstad
47%
Niue Alofi
41%
Isola di Ascensione Georgetown
41%
Isole Cayman George Town
41%
Guam Hagåtña
41%
Isola Norfolk Kingston
41%
Isole Falkland Stanley
41%
Anguilla The Valley
41%
Isole Cook Avarua
35%
Guadalupa Basse-Terre
35%
Polinesia Francese Papeete
35%
Baliato di Guernsey Saint Peter Port
35%
Guyana Francese Caienna
29%
Isola di Natale Flying Fish Cove
29%
Palestina Gerusalemme Est
29%
Bonaire Kralendijk
29%
Isole Åland Mariehamn
29%
Samoa Americane Pago Pago
29%
Isole Vergini Britanniche Road Town
29%
Baliato di Jersey Saint Helier
29%
Saint-Pierre e Miquelon Saint-Pierre
29%
Isole Vergini Americane Charlotte Amalie
24%
Turks e Caicos Cockburn Town
24%
Martinica Fort-de-France
24%
Saint Helena Jamestown
24%
Nuova Caledonia Numea
24%
La Réunion Saint-Denis
24%
Isole Marianne Settentrionali Saipan
24%
Mayotte Mamoudzou
18%
Sint Maarten Philipsburg
18%
Saba The Bottom
18%
Montserrat Plymouth/Brades
12%
Tokelau Atafu/Fakaofo/Nukunonu
6%
Nessun quiz corrispondente trovato
Distribuzione punteggi
Percentuale di utenti per punteggio
Percentile per numero di risposta
I tuoi punteggi nel tempo
Non hai fatto questo quiz